000 00869nac a22002051u 4500
008 100907t xxu||||| |||| 00| 0 eng d
010 _a 2002025831
020 _a0582431654
082 0 0 _a624.171
_bSTR
100 _a20080729
_918504
245 0 0 _aStructural Mechanics :
_bLoads, Analysis, Design, and Materials /
_cH. Al Nageim ... [et al.].
250 _a6th ed.
260 _aHarlow, England ;
_aUpper Saddle River, NJ :
_bPrentice Hall,
_c2002.
300 _a361 p. :
_bill.;
_c25 m.
504 _aIncludes bibliographical references and index.
650 0 _aStructural analysis (Engineering)
_918505
700 1 _aAl Nageim, H.
_q(Hassan)
_918506
942 _cBB
_k624.171STR
_2ddc
999 _c2433
_d2433